MARC

LEADER 00000nam2a2200000 4500
001 378696
005 20231102013026.0
035 |a (RuTPU)RU\TPU\retro\36153 
035 |a RU\TPU\retro\36152 
090 |a 378696 
100 |a 20230609d1960 k y0rusy50 ca 
101 0 |a rus 
102 |a RU 
105 |a a z 001zy 
200 0 |a Вып. 39  |f отв. ред. Н. Н. Александров , Г. Ф. Швецов 
210 |d 1960 
215 |a 79 с.  |c ил. 
320 |a Библиогр. в конце ст. 
461 1 |0 (RuTPU)RU\TPU\retro\36250  |t Труды института ЦНИГРИ  |f Центральный научно-исследовательский горно-разведочный институт цветных, редких и благородных металлов  |v Вып. 39  |d 1958-  
606 1 |a Золоторудные месторождения  |2 stltpush  |3 (RuTPU)RU\TPU\subj\11877  |9 38756 
610 1 |a геология 
610 1 |a золото 
610 1 |a горное дело 
610 1 |a экскаваторы ЭКГ-8 
610 1 |a производительность 
610 1 |a долговечность 
610 1 |a рудные тела 
610 1 |a пологопадающие залежи 
610 1 |a целики 
610 1 |a Тасеевское месторождение 
610 1 |a системы разработки 
610 1 |a пылеулавливание 
610 1 |a карбонатовые пирохлоровые руды 
610 1 |a ниобийорганические соединения 
610 1 |a ниобий-циркониевые руды 
610 1 |a титано-циркониевые пески 
610 1 |a полиметаллические руды 
610 1 |a схемы извлечения 
610 1 |a Южный Урал 
610 1 |a Кавказ 
610 1 |a теллур 
610 1 |a Учалинское месторождение 
610 1 |a сульфидная флотация 
610 1 |a гидроциклоны 
675 |a 553.411  |v 3 
702 1 |a Александров  |b Н. Н.  |4 340 
702 1 |a Швецов  |b Г. Ф.  |4 340 
801 1 |a RU  |b 63413507  |c 20051123  |g PSBO 
801 2 |a RU  |b 63413507  |c 20230614  |g PSBO 
942 |c BK